LEADER 01190nam a2200349 i 4500 001 991001207429707536 005 20020507185234.0 008 960318s1982 de ||| | eng 020 $a3540119639 035 $ab10815612-39ule_inst 035 $aLE01308696$9ExL 040 $aDip.to Matematica$beng 082 0 $a516.36 084 $aAMS 49-XX 084 $aAMS 58F 084 $aAMS 58G 100 1 $aNottrot, Roelof$0536333 245 10$aOptimal processes on manifolds :$ban application of Stokes' theorem /$cRoel Nottrot 260 $aBerlin :$bSpringer-Verlag,$c1982 300 $avi, 124 p. ;$c25 cm. 490 0 $aLecture notes in mathematics,$x0075-8434 ;$v963 500 $aBibliography: p. [120]-121. 500 $aIncludes index 650 4$aDifferentiable dynamical systems 650 4$aManifolds 650 4$aStokes' theorem 907 $a.b10815612$b23-02-17$c28-06-02 912 $a991001207429707536 945 $aLE013 49-XX NOT11 (1982)$g1$i2013000043630$lle013$o-$pE0.00$q-$rl$s- $t0$u2$v0$w2$x0$y.i10922234$z28-06-02 996 $aOptimal processes on manifolds$9925209 997 $aUNISALENTO 998 $ale013$b01-01-96$cm$da $e-$feng$gde $h0$i1 LEADER 01063nam a2200289 i 4500 001 991003495329707536 005 20021217151635.0 008 970707s1996 uk a b 001 0 eng d 020 $a041229950X 035 $ab11819844-39ule_inst 035 $aLE00301779$9ExL 040 $aDip.to Biologia$beng 082 0 $a577.699$222 100 1 $aRaffaelli, David$0531384 245 10$aIntertidal ecology /$cDavid Raffaelli and Stephen Hawkins 260 3 $aLondon :$bChapman and Hall,$c1996 300 $ax, 356 p. :$bill. ;$c24 cm 650 0$aIntertidal ecology 650 0$aSeashores$aNatural history 650 0$aEcology$xAquatic environments 700 1 $aHawkins, Stephen$eauthor$4http://id.loc.gov/vocabulary/relators/aut$0451429 907 $a.b11819844$b02-09-11$c18-12-02 912 $a991003495329707536 945 $aLE003 577.6 RAF01.01 (1996)$g1$i2003000091700$lle003$o-$pE0.00$q-$rl$s- $t0$u1$v0$w1$x0$y.i12070257$z18-12-02 996 $aIntertidal ecology$91454408 997 $aUNISALENTO 998 $ale003$b01-01-97$cm$da $e-$feng$guk $h0$i1